000 00532nam a2200181Ia 4500
008 151018s9999 xx 000 0 und d
082 _bRBASDV24644
_a891.463
100 _aप्रशांत पोखरकर
245 _aरस्तय
250 _b1
260 _bसोनवणी संजय
_c1993
300 _a222
600 _aप्रशांत पोखरकर
630 _aरस्तय
700 _aप्रशांत पोखरकर
730 _aरस्तय
942 _cBOOK
999 _c1024287
_d1024284